000 00757nam0a22002651 4500
001 RU\NLR\INFOCOMM18\ROSSICA\1000002508
005 20250613193617.0
035 _a(NLR Aleph) 009976111
090 _a9671950
_c9671950
100 _a20030418d1869 |||y0rusy50 ca
101 0 _ager
102 _aRU
105 _ay ||||000ay
200 1 _aMurillo und seine Gemälde in der Kaiserlichen Eremitage zu St.Petersburg
_fDalton, Herm.
210 _aSt.Petersburg
_d1869
215 _d
600 1 _aMurillo
_bB.E.
_gBartolomé Esteban
_f1618-1682
_2PSBO
700 1 _aDalton
_bH.
_gHerm.
_4070
801 1 _aRU
_bInfoComm
_c20030418
801 0 _aRU
_bNLR
_gPSBO
852 _aNLR
_j13.21.3.443
942 _cBOOK
980 _aNB
980 _aRossica